000 00362nam a2200145Ia 4500
008 221007s9999 xx 000 0 und d
041 _aeng
082 _bCHA
100 _aChangan P K (2K51066)
_9102204
245 _aService Quality Assessment of HDFC Bank
260 _c2007
_bPune University
_aPune
300 _a45p
520 _aJoshi D
906 _bGeneral
999 _c69365
_d69365